• 首页
  • 本馆介绍
  • 公告通知
  • 最新文献
  • 馆藏检索
  • 电子资源
  • 读者导购
  • 参考咨询
  • 我的图书馆
  • 登录
  • 详细信息显示
  • 放入我的书架
  • 预约/预借图书
  • 作者相关作品
  • 分类相关作品
  • 丛书相关作品
  • 出版社相关作品

书目信息

  • 表格格式
  • 工作单格式
  • 卡片格式
题名:
家庭冷菜花样80款
    
 
作者: 周志义 编著
分册:  
出版信息: 北京   中国轻工业出版社  1993
页数: 125页
开本: 19cm
丛书名:
单 册:
中图分类: TS972.1
科图分类: 85.931
主题词: 凉菜--菜谱
电子资源:
ISBN: 978-7-5019-1405-0
000 00697n|m0 2200241 450
001 0102542243
005 20121109170000.0
010    @a978-7-5019-1405-0@dCNY6.1
100    @a20021005d1993 em y0chiy0110 ea
101 0  @achi
102    @aCN@b110000
105    @af z 000yy
135    @adrbn ---auuuu
200 1  @a家庭冷菜花样80款@9Jia;Jie Ting Leng Cai Hua Yang 8 0 Kuan @f周志义等编著@b电子资源.图书
210    @a北京@c中国轻工业出版社@d1993
215    @a125页@c彩照@d19cm
325    @a电子复制品
606 0  @a凉菜@x菜谱
690    @aTS972.1@v3
692    @a85.931
701  0 @a周志义@9zhou zhi yi@4编著
801  0 @aCN@bAZmarc@c20230903
905    @dTS972.1@e296@f10@sTS972.1/296@aBZT
    
    家庭冷菜花样80款/周志义等编著[电子资源.图书].-北京:中国轻工业出版社,1993
    125页:彩照;19cm
    
    
    ISBN 978-7-5019-1405-0:CNY6.1
    
●
相关链接 在五车中查询图书 在当当中查询图书 在豆瓣中查询图书


正题名:家庭冷菜花样80款     索取号:TS972.1/296         预约/预借

序号 登录号 条形码 馆藏地/架位号 状态 备注
1 2000114140   2000114140   旧书回溯/ [索取号:TS972.1/296] 在馆    
2 2000114141   2000114141   旧书回溯/ [索取号:TS972.1/296] 在馆    
3 2000114142   2000114142   旧书回溯/ [索取号:TS972.1/296] 在馆    
4 2000114143   2000114143   旧书回溯/ [索取号:TS972.1/296] 在馆    
5 2000114144   2000114144   旧书回溯/ [索取号:TS972.1/296] 在馆    
6 2000114145   2000114145   旧书回溯/ [索取号:TS972.1/296] 在馆    
7 2000114146   2000114146   旧书回溯/ [索取号:TS972.1/296] 在馆    
8 2000114147   2000114147   旧书回溯/ [索取号:TS972.1/296] 在馆    
9 2000114148   2000114148   旧书回溯/ [索取号:TS972.1/296] 在馆    
10 2000114149   2000114149   旧书回溯/ [索取号:TS972.1/296] 在馆    
山东省滨州职业学院图书馆 欢迎您!
大连网信软件有限公司© 版权所有